Resistencia de materiales / (Record no. 101262)

MARC details
000 -LEADER
campo de control de longitud fija 00678nam a2200193 i 4500
001 - NÚMERO DE CONTROL
campo de control 101262
003 - IDENTIFICADOR DE NÚMERO DE CONTROL
campo de control ES-MaACL
005 - FECHA Y HORA DE LA ÚLTIMA TRANSACCIÓN
campo de control 20230906182847.0
007 - CAMPO FIJO DE DESCRIPCIÓN FÍSICA--INFORMACIÓN GENERAL
campo de control de longitud fija t|
008 - DATOS DE LONGITUD FIJA--INFORMACIÓN GENERAL
campo de control de longitud fija 051017s1959 sp ||||1| spa d
100 1# - ENTRADA PRINCIPAL--NOMBRE DE PERSONA
Nombre de persona Máximo del Cosso, Celso.
9 (RLIN) 79307
245 10 - MENCIÓN DEL TÍTULO
Título Resistencia de materiales /
Mención de responsabilidad, etc. por Celso Máximo del Cosso; prólogo de D. Marcial de Bustinduy.
260 ## - PUBLICACIÓN, DISTRIBUCIÓN, ETC.
Lugar de publicación, distribución, etc. Madrid :
Nombre del editor, distribuidor, etc. Dossat,
Fecha de publicación, distribución, etc. 1959.
300 ## - DESCRIPCIÓN FÍSICA
Extensión XVII, 489 p. :
Otras características físicas il. ;
Dimensiones 26 cm.
500 ## - NOTA GENERAL
Nota general Precede al tít.: Escuela de Peritos Industriales de Madrid.
700 1# - ENTRADA AGREGADA--NOMBRE PERSONAL
Nombre de persona Bustinduy, Marcial de.
9 (RLIN) 32903
710 2# - ENTRADA AGREGADA--NOMBRE DE ENTIDAD CORPORATIVA
Nombre de entidad corporativa o nombre de jurisdicción como elemento de entrada Escuela de Peritos Industriales de Madrid.
9 (RLIN) 3560
852 ## - LOCALIZACIÓN
Ubicación ES-MaACL
Número de control de estantería C-16519
Sublocalización o colección R.45012
Holdings
Estatus retirado Estado de pérdida Estado de daño No para préstamo Biblioteca de origen Biblioteca actual Ubicación en estantería Fecha de adquisición Fuente de adquisición Total de préstamos Signatura topográfica completa Código de barras Visto por última vez Precio de reemplazo Tipo de ítem Koha
        Biblioteca del Ateneo de Madrid Biblioteca del Ateneo de Madrid Galería 17/01/2008     C-16519 1105720 23/02/2023 23/02/2023 Libro impreso